00469nam a22001457a 4500008004100000020001500041041000800056080001000064100000700074101000800081245009100089942001200180999001700192952011400209180911b xxu||||| |||| 00| 0 eng d a0826176003 aeng a159.9 a49 aPSI aEmpirical Approaches To The Psychosocial Aspesccts Of DisabilitycEisenberg.M.G 2udccBK c47653d47653 00102udc40708PËKGa002b002cPËKGd2018-09-11l0o159.9 EISp002-3011685r2018-09-11w2018-09-11yBK